[Event "Canadian op"]
[Site "Edmonton"]
[Date "2005.07.17"]
[Round "10"]
[White "Swati, Ghate"]
[Black "Barber, Glen"]
[Result "1-0"]
[WhiteElo "2281"]
[BlackElo "2005"]
[PlyCount "63"]
[EventDate "2005.07.09"]
[EventType "swiss"]
[EventRounds "10"]
[EventCountry "CAN"]
[SourceTitle "CBM 107 Extra"]
[Source "ChessBase"]
[SourceDate "2005.09.01"]
[SourceVersion "1"]
[SourceVersionDate "2005.09.01"]
[SourceQuality "1"]

1. e4 e5 2. Nf3 Nc6 3. Bb5 a6 4. Ba4 Nf6 5. 0-0 Be7 6. Re1 b5 7. Bb3 d6 8. c3 0-0 9. d4 Bg4 10. Be3 Na5 11. Bc2 Nc4 12. Bc1 c5 13. b3 Nb6 14. Nbd2 Qc7 15. h3 Bd7 16. Bb2 Rac8 17. Rc1 Rfd8 18. Qe2 c4 19. Bb1 Bf8 20. Nf1 g6 21. d5 Bh6 22. Rcd1 b4 23. cxb4 c3 24. Bc1 c2 25. Bxc2 Qxc2 26. Bxh6 Bb5 27. Qe3 Bxf1 28. Qxb6 Bd3 29. Rc1 Qxa2 30. Rxc8 Rxc8 31. Qxd6 Ne8 32. Qf8# 1-0

[Event "Canadian op"]
[Site "Edmonton"]
[Date "2005.07.15"]
[Round "8"]
[White "Neven, Knut G"]
[Black "Barber, Glen"]
[Result "1-0"]
[WhiteElo "2233"]
[BlackElo "2005"]
[PlyCount "89"]
[EventDate "2005.07.09"]
[EventType "swiss"]
[EventRounds "10"]
[EventCountry "CAN"]
[SourceTitle "CBM 107 Extra"]
[Source "ChessBase"]
[SourceDate "2005.09.01"]
[SourceVersion "1"]
[SourceVersionDate "2005.09.01"]
[SourceQuality "1"]

1. d4 Nf6 2. Bg5 Ne4 3. Bf4 c5 4. f3 Qa5+ 5. c3 Nf6 6. d5 d6 7. e4 g6 8. Na3 Bg7 9. Nc4 Qc7 10. a4 0-0 11. Qd2 Nbd7 12. Ne2 a6 13. Ng3 b6 14. Bh6 Rb8 15. h4 b5 16. axb5 axb5 17. Bxg7 Kxg7 18. Ne3 Rg8 19. h5 Kf8 20. h6 c4 21. Nc2 e5 22. Qg5 Bb7 23. Be2 Qd8 24. 0-0 Ne8 25. Qxd8 Rxd8 26. Ra7 Nc5 27. Nb4 Rd7 28. Rfa1 Ke7 29. Nf1 Nc7 30. Nc6+ Kf6 31. Ne3 Ra8 32. Rxa8 Nxa8 33. b4 Na4 34. Bxc4 Nxc3 35. Bd3 Nc7 36. Ra7 Ne8 37. Ra3 Na4 38. Bxb5 Nb6 39. Nc4 Nxc4 40. Bxc4 Kg5 41. b5 Kxh6 42. b6 Nf6 43. Bb5 Kg7 44. Ra7 Bc8 45. Na5 1-0

[Event "Canadian op"]
[Site "Edmonton"]
[Date "2005.07.10"]
[Round "3"]
[White "Barber, Glen"]
[Black "Chi, Jonathan"]
[Result "1/2-1/2"]
[WhiteElo "2005"]
[BlackElo "1744"]
[PlyCount "56"]
[EventDate "2005.07.09"]
[EventType "swiss"]
[EventRounds "10"]
[EventCountry "CAN"]
[SourceTitle "CBM 107 Extra"]
[Source "ChessBase"]
[SourceDate "2005.09.01"]
[SourceVersion "1"]
[SourceVersionDate "2005.09.01"]
[SourceQuality "1"]

1. d4 Nf6 2. c4 e6 3. Nc3 Bb4 4. e3 0-0 5. Bd3 b6 6. Nge2 Bb7 7. 0-0 Bxc3 8. Nxc3 d6 9. e4 h6 10. e5 Nfd7 11. Qe2 Qe7 12. Bf4 Nc6 13. exd6 cxd6 14. Nb5 e5 15. Rfe1 a6 16. Nc7 Nxd4 17. Qd2 Rac8 18. Nd5 Bxd5 19. cxd5 Nc5 20. Be3 Nxd3 21. Qxd3 Nc2 22. Qxa6 Nxa1 23. Rxa1 Qc7 24. Bxb6 Qc1+ 25. Rxc1 Rxc1+ 26. Qf1 Rxf1+ 27. Kxf1 Rc8 28. b4 Rc2 1/2-1/2

[Event "Canadian op"]
[Site "Edmonton"]
[Date "2005.07.10"]
[Round "2"]
[White "Bologan, Viktor"]
[Black "Barber, Glen"]
[Result "1-0"]
[WhiteElo "2700"]
[BlackElo "2005"]
[PlyCount "65"]
[EventDate "2005.07.09"]
[EventType "swiss"]
[EventRounds "10"]
[EventCountry "CAN"]
[SourceTitle "CBM 107 Extra"]
[Source "ChessBase"]
[SourceDate "2005.09.01"]
[SourceVersion "1"]
[SourceVersionDate "2005.09.01"]
[SourceQuality "1"]

1. e4 e5 2. Nf3 Nc6 3. Bc4 Bc5 4. c3 Nf6 5. d3 d6 6. Bb3 h6 7. Nbd2 0-0 8. h3 Bb6 9. Nf1 Be6 10. g4 Bxb3 11. axb3 d5 12. Qe2 Qd7 13. Ng3 Rad8 14. g5 dxe4 15. dxe4 hxg5 16. Bxg5 Qd3 17. Bxf6 gxf6 18. Qxd3 Rxd3 19. Ke2 Rfd8 20. Nf5 R3d7 21. h4 Ne7 22. Nxe7+ Rxe7 23. Rad1 Ree8 24. h5 Kh7 25. Nh4 Bc5 26. Nf5 Bf8 27. h6 c6 28. Rdg1 Rd7 29. Rg7+ Bxg7 30. hxg7+ Kg6 31. Rh6+ Kg5 32. Rh8 Rdd8 33. Rxe8 1-0

[Event "Ottawa Futurity"]
[Site "Ottawa"]
[Date "2004.08.13"]
[Round "4"]
[White "Gordon, David"]
[Black "Barber, Glen"]
[Result "1-0"]
[WhiteElo "2184"]
[BlackElo "2021"]
[PlyCount "72"]
[EventDate "2004.08.??"]
[EventType "schev"]
[EventRounds "5"]
[EventCountry "CAN"]
[SourceTitle "EXT 2006"]
[Source "ChessBase"]
[SourceDate "2005.11.24"]
[SourceVersion "1"]
[SourceVersionDate "2005.11.24"]
[SourceQuality "1"]

1. d4 d5 2. Nf3 Nf6 3. Bg5 Bf5 4. e3 c6 5. Bxf6 gxf6 6. Bd3 Bg6 7. 0-0 Qb6 8. Nbd2 Bxd3 9. cxd3 Qxb2 10. Rb1 Qxa2 11. Rxb7 Nd7 12. Qa1 Qxa1 13. Rxa1 e5 14. Raxa7 Rxa7 15. Rxa7 Bd6 16. Ra8+ Nb8 17. Nb3 Ke7 18. Nc5 Bxc5 19. dxc5 Rf8 20. d4 Nd7 21. Rxf8 Kxf8 22. Kf1 Ke7 23. Ke2 Ke6 24. Nh4 f5 25. f4 f6 26. Kd2 Nf8 27. Kc3 Ng6 28. Nxg6 hxg6 29. Kb4 g5 30. g3 exd4 31. exd4 Kf7 32. Ka5 Kg6 33. Kb6 Kh5 34. Kxc6 gxf4 35. gxf4 Kg4 36. Kxd5 Kxf4 1-0

[Event "Canadian op"]
[Site "Kapuskasing"]
[Date "2004.07.13"]
[Round "5"]
[White "Barber, Glen"]
[Black "Tseitlin, Mark D"]
[Result "0-1"]
[WhiteElo "1974"]
[BlackElo "2484"]
[PlyCount "74"]
[EventDate "2004.07.10"]
[EventType "swiss"]
[EventRounds "10"]
[EventCountry "CAN"]
[SourceTitle "CBM 101 Extra"]
[Source "ChessBase"]
[SourceDate "2004.09.01"]
[SourceVersion "2"]
[SourceVersionDate "2004.09.01"]
[SourceQuality "1"]

1. e4 c5 2. Nf3 Nc6 3. Bb5 g6 4. Bxc6 bxc6 5. 0-0 Bg7 6. Nc3 e5 7. d3 d6 8. Nd2 Nf6 9. Nc4 Nh5 10. Ne2 d5 11. Ne3 0-0 12. c4 f5 13. f3 f4 14. Nc2 g5 15. Nc3 d4 16. Na4 Qd6 17. b4 cxb4 18. a3 b3 19. Ne1 Rb8 20. Rb1 c5 21. Rxb3 Bd7 22. Rxb8 Rxb8 23. Rf2 Qc6 24. Nb2 Nf6 25. g4 h5 26. h3 Qa6 27. Nc2 Kf7 28. Qd2 Rh8 29. Rh2 Bf8 30. Nd1 Bd6 31. Na1 Qa4 32. Qc2 hxg4 33. hxg4 Rxh2 34. Kxh2 Qxc2+ 35. Nxc2 Ba4 36. Nb2 Bxc2 37. Bd2 Bc7 0-1